LEADER 01086nam a2200241 i 4500 001 000000028541 003 CaOOAMICUS 005 20251029111207.0 008 180830s1893 it u000 u ita u 040 $aSeMil$bita 100 1 $aNegri, Gaetano,$d<1838-1902>.$0(OLS)http://semarc/name/11431 245 10$aGeorge Eliot :$bla sua vita e i suoi romanzi /$cGaetano Negri. 250 $a2. ed. 260 $aMilano :$bFratelli Treves,$c1893. 300 $a2 v. ;$c18 cm. 490 1 $aBiblioteca amena 600 14$aEliot, George .$0(OLS)http://semarc/subject/4582 774 0 $tScene della vita clericale, Adam Bede, Il mulino sulla Floss, Silas Maner.$kBiblioteca amena$g1$w()61485 774 0 $tRomola, Felix Holt, La zingara spagnuola, Middlemarch, Daniele Deronda.$kBiblioteca amena$g2$w()220485 830 0$aBiblioteca amena.$0(OLS)http://semarc/title/25219 996 $6245$aGeorge Eliot :$bla sua vita e i suoi romanzi$9(OLS)http://semarc/title/38745 996 $6260$aMilano :$bFratelli Treves$9(OLS)http://semarc/publisher/30212 LEADER 01109nam a2200277 i 4500 001 000000128526 003 CaOOAMICUS 005 20070712000000.0 008 070712s1995 it u000 u ita u 013 $a101253 020 $a88-8131-006-6 040 $aSeMil$bita 100 1 $aPivetti, Paolo.$0(OLS)http://semarc/name/53469 245 10$aTommaso Moro :$bDramma in due atti /$cPaolo Pivetti ; Postfazione di Ugo Ronfani. 260 $aBrescia :$bShakespeare & Company,$c1995. 300 $a124 p. ;$c21 cm. 500 $aFondo card. C.M. Martini. 600 04$aMoro, Tommaso .$0(OLS)http://semarc/subject/5365 700 1 $aRonfani, Ugo.$0(OLS)http://semarc/name/41779 850 $aSeMil 852 $aSeMil$W1$xVenegono$y1$m3H II 156$j82749$B82749$CSeMilBibl$Z2$F125487 $81 941 1 $a4 961 $aOmaggio: Martini Card. Carlo Maria 996 $6020$a88-8131-006-6$9(OLS)http://semarc/number/115157 996 $6245$aTommaso Moro :$bDramma in due atti$9(OLS)http://semarc/title/189995 996 $6260$aBrescia :$bShakespeare & Company$9(OLS)http://semarc/publisher/45625